00603 2200217 4500001002100000005001700021008004100038035002400079043001200103082001000115090002200125100002600147245006400173250001100237260003500248300002800283500001200311504003100323650001000354999002100364YOGYA-0411000000067020110407130353.0 ind  0010-041100000000670 aYOPDYOG a235.4 a235.4bSap NlDEP aSAPPINGTON, Thomas J. aHancurkan kuasa iblis dalam diri andacThomas J. Sappington aCet. 1 aYogyakartabYayasan Andic1998 a302 hlm.bilus.c21 cm. aIndeks. aBibliografi : hlm. 299-302 aIblis a1998-163 CB-D.11